A deliberately insecure j2ee semantic web application framework: Injection attacks and defenses mechanisms for web 3.0 (Record no. 12265)
[ view plain ]
| 000 -LEADER | |
|---|---|
| fixed length control field | 00463nam a22001337a 4500 |
| 082 ## - DEWEY DECIMAL CLASSIFICATION NUMBER | |
| Classification number | MS-CCS-4 HIR |
| 100 ## - MAIN ENTRY--PERSONAL NAME | |
| Personal name | Hira Asgher |
| 9 (RLIN) | 100835 |
| 245 ## - TITLE STATEMENT | |
| Title | A deliberately insecure j2ee semantic web application framework: Injection attacks and defenses mechanisms for web 3.0 |
| 260 ## - PUBLICATION, DISTRIBUTION, ETC. | |
| Place of publication, distribution, etc. | Islamabad |
| Name of publisher, distributor, etc. | NUST university |
| Date of publication, distribution, etc. | 2013 |
| 300 ## - PHYSICAL DESCRIPTION | |
| Extent | 48p. : |
| 500 ## - GENERAL NOTE | |
| General note | Supervisor: Dr. Zahid Anwar |
| 856 ## - ELECTRONIC LOCATION AND ACCESS | |
| Uniform Resource Identifier | <a href="http://10.250.8.41:8080/xmlui/handle/123456789/6659">http://10.250.8.41:8080/xmlui/handle/123456789/6659</a> |
| 942 ## - ADDED ENTRY ELEMENTS (KOHA) | |
| Koha item type | Project Report |
| Source of classification or shelving scheme | |
| Withdrawn status | Lost status | Damaged status | Not for loan | Collection code | Permanent Location | Current Location | Shelving location | Date acquired | Total Checkouts | Full call number | Barcode | Date last seen | Price effective from | Koha item type |
|---|---|---|---|---|---|---|---|---|---|---|---|---|---|---|
| Central Library (CL) | Central Library (CL) | General Stacks | 12/18/2013 | MS-CCS-4 HIR | SEECSP01300 | 12/18/2013 | 12/18/2013 | Project Report |
